Vocabulario teológico del Evangelio de Juan

Spremljeno u:
Bibliografski detalji
Glavni autori: Mateos Alvarez, Juan José (autor), Barreto, Juan (Autor)
Format: Knjiga
Jezik:španjolski
Izdano: Madrid Ediciones Cristiandad 1980
Izdanje:1a. ed
Serija:El Libro de Bolsillo Cristiandad, 50
Teme:
Oznake: Dodaj oznaku
Bez oznaka, Budi prvi tko označuje ovaj zapis!

MARC

LEADER 00000cam a2200000 a 4500
001 UCD9329
003 CL-VaPUC
008 170616e19800000sp |||||||||||||||||spa|d
082 0 4 |a 226.5  |b MAT  |2 21 
100 |a Mateos Alvarez, Juan José  |e autor  |9 314392 
700 0 |a Barreto, Juan  |e author  |9 593041 
245 1 0 |a Vocabulario teológico del Evangelio de Juan 
250 |a 1a. ed 
300 |a 307 p 
942 |c BK 
945 |d 20170616 21:05:00  |a dcastane 
260 |a Madrid  |b Ediciones Cristiandad  |c 1980 
650 0 |a Nuevo testamento  |9 257604 
650 0 |a Evangelio de San Juan   |9 536353 
583 |a last modification  |c 20170616 21:05:00  |k Rodrigo Vera 
490 0 |a El Libro de Bolsillo Cristiandad, 50 
999 |c 368559  |d 368557 
952 |0 0  |1 0  |3 erb  |4 0  |6 226_500000000000000_MAT_1980  |7 0  |8 A  |9 483913  |a BIBTEO  |b BIBTEO  |i 5397960  |l 3  |o 226.5 MAT 1980  |p 5397960  |r 2025-01-17  |s 2024-08-27  |w 2019-11-24  |y BK  |z Catalogado en:20170616  |k ICR